00840nam a2200265Ia 4500001000900000003000500009005001700014008004100031010001100072040001800083100002500101245012500126260007100251300001000322400002800332440002900360503000700389650002600396650001700422650001700439650002200456650001500478700003900493700004200532dia_2182CHAP20251029160019.0220117s1972 xx 000 0 und d a172703 cCHAPamxchpua aOrdetx, Gonzálo S. aEstudio de la flora apícola nacional /c Gonzálo S. Ordetx, José Antonio Zozaya Rubio y Wenceslao Franco Millán aMéxico :b Dirección General de Extensión Agrícola,c1972 a94 p. aFOLLETO MISCELÁNEO, 2 aFolleto Misceláneo ; 2 aD. aAbejas mielíferas  aApicultura  aApiculture  aFloraxMéxico  aHoney bees aFranco Millán, Wenceslao, coaut. aZozaya Rubio, José Antonio, coaut.